Experiments in Pharmacy and Pharmacology Volumes 1&2 combined (Record no. 5995)

MARC details
000 -LEADER
fixed length control field 00615nam a22002057a 4500
003 - CONTROL NUMBER IDENTIFIER
control field OSt
005 - DATE AND TIME OF LATEST TRANSACTION
control field 20180430174152.0
008 - FIXED-LENGTH DATA ELEMENTS--GENERAL INFORMATION
fixed length control field 180206b xxu||||| |||| 00| 0 eng d
020 ## - INTERNATIONAL STANDARD BOOK NUMBER
International Standard Book Number 9788184483628
040 ## - CATALOGING SOURCE
Transcribing agency 040a
082 ## - DEWEY DECIMAL CLASSIFICATION NUMBER
Classification number QV 34
Item number G919e 2008
100 ## - MAIN ENTRY--PERSONAL NAME
Personal name Grover, J.K.
9 (RLIN) 12437
245 ## - TITLE STATEMENT
Title Experiments in Pharmacy and Pharmacology Volumes 1&2 combined
260 ## - PUBLICATION, DISTRIBUTION, ETC. (IMPRINT)
Place of publication, distribution, etc. New Delhi
Name of publisher, distributor, etc. Jaypee Brothers medical publishers LTD
Date of publication, distribution, etc. 2008
300 ## - PHYSICAL DESCRIPTION
Extent 290p;
Other physical details ill :
Dimensions 20 cm.
504 ## - BIBLIOGRAPHY, ETC. NOTE
Bibliography, etc Includes bibliographical references and index
650 ## - SUBJECT ADDED ENTRY--TOPICAL TERM
Topical term or geographic name as entry element Pharmacy
9 (RLIN) 12438
650 ## - SUBJECT ADDED ENTRY--TOPICAL TERM
Topical term or geographic name as entry element Pharmacology
9 (RLIN) 357
942 ## - ADDED ENTRY ELEMENTS (KOHA)
Source of classification or shelving scheme Other/Generic Classification Scheme
Koha item type Open Shelf
Holdings
Withdrawn status Lost status Source of classification or shelving scheme Damaged status Not for loan Home library Current library Date acquired Source of acquisition Inventory number Total Checkouts Full call number Barcode Date last seen Price effective from Koha item type
    Other/Generic Classification Scheme     MUST Main Library MUST Main Library 06/02/2018   2017/40516   QV 34 G919e 2008 2018-0088 06/02/2018 06/02/2018 Open Shelf
    Other/Generic Classification Scheme     MUST Main Library MUST Main Library 06/02/2018   2017/40517   QV 34 G919e 2008 2018-0089 06/02/2018 06/02/2018 Open Shelf